| 000 | 00435nam a2200181Ia 4500 | ||
|---|---|---|---|
| 008 | 210210b1947 xxu||||| |||| 00| 0 eng d | ||
| 041 | _aeng | ||
| 082 | _a544/45 | ||
| 100 | _aEASTMAN (E D) | ||
| 245 | _aPhysical chemistry | ||
| 260 |
_aNew York _bMcGraw Hill Book Company _c1947 |
||
| 300 | _a504 | ||
| 650 | _aPhysical | ||
| 650 | _achemistry | ||
| 690 | _aPhysical Chemistry | ||
| 700 | _aROLLEFSON (G K) | ||
| 906 | _a009701 | ||
| 999 |
_c127095 _d127095 |
||